000 00464nam a2200181Ia 4500
001 10991
005 20260306161913.0
008 260306t2018||||xx |||||||||||||| ||spa||
041 _aESP
082 _a985
_bN37
100 _aNeira Samanez, Hugo
_eAUT
245 0 _aHacia la tercera mitad Perú XVI-XXI:
_bensayos de relectura herética
260 _c2018
300 _a709 páginas :
_c24 cm.
650 _aGEN
654 _aCHU
942 _cLIB
_dJUS
_fJUS
_2ddc
_n
999 _c10991
_d10991